| 000 | 00720nam a22002177a 4500 | ||
|---|---|---|---|
| 003 | DO-SdBNP | ||
| 005 | 20211115075949.0 | ||
| 007 | ta | ||
| 008 | 211115b ||||| |||| 00| 0 eng d | ||
| 020 | _a9789945624212 | ||
| 040 |
_aDO-SdBNP _bspa _cBNPHU |
||
| 100 | 1 |
_aNuñez Rijo, Julio _980618 |
|
| 245 | 1 | 0 |
_aRevelación en tiempos de pandemia / _cJulio Nuñez Rijo ; prólogo Alexis Angulo. |
| 260 |
_aSanto Domingo : _bFR Multiservicios, _c2021. |
||
| 300 |
_a100 p. : _bil., mapas ; _c22 cm. |
||
| 500 | _aIncluye datos biográficos del autor en la solapa de la contracubierta. | ||
| 590 | _aInventariado, 2021 /LP | ||
| 700 | 1 |
_aAngulo, Alexis, _e pról. _978155 |
|
| 910 | _aLopérez | ||
| 942 |
_2ddc _cLBS1 |
||
| 999 |
_c50961 _d50961 |
||